| 000 | 00669ngm a2200181 a 4500 | ||
|---|---|---|---|
| 005 | 20210219153712.0 | ||
| 008 | 010705s1998 mx 041 d daspa d | ||
| 035 | _aUPN01000109265 | ||
| 049 | _aAV | ||
| 050 | 4 | _aPVI F 832 | |
| 245 | 0 | 0 |
_aLázaro Cárdenas : _bel hombre y el mito. |
| 260 |
_aMéxico : _bClío, _c1998. |
||
| 300 |
_a1 videocasete (VHS)(41 min.) : _bson., b y n. |
||
| 440 | 0 |
_aHistoria del poder ; _v1 |
|
| 520 | _aExcelente documental del joven general que subió todos los peldaños de la vida política del país, hasta llegar al más alto: el de la silla presidencial | ||
| 600 | 1 | 4 |
_aCARDENAS DEL RIO, LAZARO, _d1895-1970 |
| 905 | _aAudiovisuales | ||
| 999 |
_c83176 _d83176 |
||